000 00615cam a22002053a 4500
001 35134
003 PGUSA
005 20140828083746.0
008 110131s2011||||xxu|||||s|||||000 | eng d
040 _aPGUSA
_beng
042 _adc
100 1 _aParavey, Charles Hippolyte de,
_d1787-1871
245 1 0 _aL'Amérique sous le nom de Fou-Sang
_h[electronic resource] /
_cCharles Hippolyte de Paravey
260 _bProject Gutenberg,
_c2011
506 _aPublic domain in the USA.
516 _aElectronic text
830 0 _aProject Gutenberg
_v35134
856 4 0 _uhttp://www.gutenberg.org/ebooks/35134
942 _cEB
999 _c264389
_d264389